000 01593cam a22003371a 4500
001 gs 60000225
003 DLC
005 20260227111409.0
008 780825s1960 dcuab b f001 0 eng
010 _ags 60000225
035 _a(OCoLC)4169549
040 _aDLC
_cLMN
_dDNAL
_dOCoLC
_dDLC
042 _apremarc
050 0 0 _aTC801
_b.U2 no. 1488
070 0 _a407
_bG29W no.1488
072 0 _aP200
082 _a551.490976354
100 1 _aHarder, Alfred H.
_q(Alfred Harry),
_d1919-
245 1 4 _aThe geology and ground-water resources of Calcasieu Parish, Louisiana /
_cby Alfred H. Harder.
260 _aWashington, D.C. :
_bU.S. G.P.O.,
_c1960.
300 _avi, 102 p. :
_bill., maps ;
_c24 cm.
440 0 _aGeological Survey water-supply paper ;
_v1488
500 _aNine folded leaves in pocket.
500 _a"Prepared in cooperation with the Louisiana Department of Public Works and the Louisiana Geological Survey, Department of Conservation."
500 _aIncludes index.
501 _aWith : Geology and ground water in the Platte-Republican Rivers watershed and the Little Blue River Basin above Angus, Nebraska -- Geology and ground-water resources of Platte County, Wyoming -- Geology and ground-water features of the Butte Valley region, Siskiyou County, California. Washington, D.C. : U.S. G.P.O., 1960. Bound together subsequent to publication.
_5DLC
504 _aBibliography: p. 98-99.
650 0 _aGroundwater
_zLouisiana
_zCalcasieu Parish.
650 0 _aWater-supply
_zLouisiana
_zCalcasieu Parish.
650 0 _aGeology
_zLouisiana
_zCalcasieu Parish.
999 _c29460
_d29460